|
|
|
|
| LEADER |
02156nam a2200541 i 4500 |
| 001 |
nkc20193124456 |
| 003 |
CZ PrNK |
| 005 |
20191211100503.0 |
| 007 |
ta |
| 008 |
190826s2019 xr a f 001 0 cze |
| 015 |
|
|
|a cnb003124456
|
| 020 |
|
|
|a 978-80-210-9348-5
|q (brožováno)
|
| 035 |
|
|
|a (OCoLC)1130280138
|
| 040 |
|
|
|a ABA001
|b cze
|d BOA001
|e rda
|
| 041 |
0 |
|
|a cze
|a slo
|b eng
|b ger
|b rus
|
| 043 |
|
|
|a e-cs---
|
| 072 |
|
7 |
|a 81
|x Lingvistika. Jazyky
|2 Konspekt
|9 11
|
| 080 |
|
|
|a 81'25
|2 MRF
|
| 080 |
|
|
|a (437)
|2 MRF
|
| 080 |
|
|
|a (048.8:082)
|2 MRF
|
| 100 |
1 |
|
|a Kupková, Ivana,
|d 1971-
|7 jo2013745678
|4 aut
|
| 245 |
1 |
0 |
|a Jiří Levý: zakladatel československé translatologie /
|c Ivana Kupková, Zbyněk Fišer a kolektiv autorů
|
| 250 |
|
|
|a Vydání 1.
|
| 264 |
|
1 |
|a Brno :
|b Masarykova univerzita,
|c 2019
|
| 300 |
|
|
|a 131 stran :
|b ilustrace ;
|c 24 cm
|
| 336 |
|
|
|a text
|b txt
|2 rdacontent
|
| 337 |
|
|
|a bez média
|b n
|2 rdamedia
|
| 338 |
|
|
|a svazek
|b nc
|2 rdacarrier
|
| 500 |
|
|
|a 250 výtisků
|
| 504 |
|
|
|a Obsahuje bibliografii, bibliografické odkazy a rejstříky
|
| 546 |
|
|
|a Částečně slovenský text, anglické, německé a ruské resumé
|
| 500 |
|
|
|a Dostupné též v digitální podobě v aplikaci Kramerius
|
| 600 |
1 |
7 |
|a Levý, Jiří,
|d 1926-1967
|7 jk01071983
|2 czenas
|
| 650 |
0 |
7 |
|a teorie překladu
|7 ph116430
|z Československo
|2 czenas
|
| 650 |
0 |
7 |
|a překladatelství
|7 ph124891
|2 czenas
|
| 650 |
0 |
9 |
|a theory of translation
|z Czechoslovakia
|2 eczenas
|
| 650 |
0 |
9 |
|a translating
|2 eczenas
|
| 655 |
|
7 |
|a kolektivní monografie
|7 fd501537
|2 czenas
|
| 655 |
|
9 |
|a collective monographs
|2 eczenas
|
| 700 |
1 |
|
|a Fišer, Zbyněk,
|d 1959-
|7 jn19990209187
|4 aut
|
| 856 |
4 |
1 |
|u https://www.digitalniknihovna.cz/mzk/uuid/uuid:1598647a-4ebd-11f1-8119-f603ae8be08a
|y Digitalizovaný dokument
|x NDK
|
| 910 |
2 |
|
|a BOA001
|b 2-1436.992
|
| 928 |
9 |
|
|a Munipress
|
| 990 |
|
|
|a BK
|
| 995 |
|
|
|a 01
|
| 991 |
|
|
|b 201911
|c NOV
|
| 996 |
6 |
|
|b 2610805897
|c 2-1436.992
|l MZK
|r Sklad / do 1 hodiny
|n 2
|p p.v.
|w 001768095
|u 000010
|a 1
|e BOA001
|j MZK50
|s P
|
| 996 |
7 |
|
|b 2610805898
|c 2-1436.992
|l MZK
|r Sklad / do 1 hodiny
|n 3
|p p.v.
|w 001768095
|u 000020
|a 1
|e BOA001
|j MZK50
|s A
|